| 000 | 00497nam a2200133Ia 4500 | ||
|---|---|---|---|
| 008 | 170221s9999 xx 000 0 und d | ||
| 100 | _aIqbal, Uqbah | ||
| 245 | _aBook Review ‘Competitive Strategy: Designing Your Organization Success' (Malay Version) | ||
| 245 | _cUqbah Iqbal | ||
| 260 | _c2012 | ||
| 300 | _a32 : 6 | ||
| 650 | _xBusiness | ||
| 856 | _uhttp://www.omicsgroup.org/journals/book-review-competitive-strategy-designing-your-organization-successmalay-version-2169-0286-1000139.pdf | ||
| 999 |
_c311265 _d311265 |
||